[Event "North American-ch U20 Girls"]
[Site "Dulles"]
[Date "2023.12.20"]
[Round "3"]
[White "Dommalapati, Aasa"]
[Black "Mou, Iris Zhaoying"]
[Result "0-1"]
[WhiteElo "1836"]
[BlackElo "2106"]
[PlyCount "138"]
[EventDate "2023.12.19"]
[EventType "swiss"]
[EventRounds "9"]
[EventCountry "USA"]
[SourceTitle "CB52_2023"]
[SourceDate "2023.12.27"]
[SourceVersion "1"]
[SourceVersionDate "2023.12.27"]
[SourceQuality "1"]

1. e4 c6 2. d4 d5 3. Nc3 dxe4 4. Nxe4 Nf6 5. Nxf6+ exf6 6. c3 Bd6 7. Bd3 0-0 8. Qc2 Re8+ 9. Ne2 h5 10. Be3 Nd7 11. 0-0-0 b5 12. h3 Nb6 13. Nf4 Bxf4 14. Bxf4 Be6 15. g4 h4 16. Rhg1 Qd5 17. b3 a5 18. g5 f5 19. g6 f6 20. Bc7 Ra6 21. Rde1 Kf8 22. Re2 Na8 23. Bf4 Ra7 24. Rge1 Rae7 25. Kb1 Nb6 26. c4 bxc4 27. bxc4 Qd7 28. c5 Nc8 29. Ba6 Kg8 30. Re3 Bd5 31. Bxc8 Rxe3 32. Rxe3 Qxc8 33. Qe2 Re4 34. Bd6 Qb7+ 35. Ka1 Qb4 36. Qb2 Qe1+ 37. Rxe1 Rxe1+ 38. Qb1 Rxb1+ 39. Kxb1 f4 40. Bxf4 Be4+ 41. Kb2 Bxg6 42. Bd2 Bf5 43. Bxa5 Bxh3 44. f4 Bc8 45. Be1 h3 46. Bg3 Kf7 47. Kc3 Ke6 48. Kd3 Kd5 49. Ke3 Be6 50. a3 Kc4 51. Ke4 g6 52. Bh2 Kb3 53. Kd3 Bd5 54. Bg3 Kxa3 55. Kc3 Ka2 56. Bh2 Kb1 57. Kd2 Kb2 58. Bg1 Kb3 59. Kd3 Be6 60. Ke3 Kc2 61. Kf3 Kd3 62. Kg3 Ke2 63. Bh2 g5 64. fxg5 fxg5 65. Bg1 Bc8 66. Bh2 Kf1 67. Kf3 g4+ 68. Kg3 Be6 69. Kf4 Kg2 0-1

[Event "Isolated Queens Internet op 2nd"]
[Site "Chess.com INT"]
[Date "2020.05.02"]
[Round "2"]
[White "Dommalapati, Aasa"]
[Black "Zilajeva, Victorija"]
[Result "1-0"]
[WhiteElo "1859"]
[BlackElo "1453"]
[PlyCount "79"]
[EventDate "2020.05.02"]
[EventType "swiss"]
[EventRounds "10"]
[EventCountry "USA"]
[SourceTitle "CBM 195 Extra"]
[Source "ChessBase"]
[SourceDate "2020.05.31"]
[SourceVersion "1"]
[SourceVersionDate "2020.05.31"]
[SourceQuality "1"]

1. e4 e6 2. d4 d5 3. Nc3 Nf6 4. Bg5 Be7 5. e5 Nfd7 6. h4 c5 7. Bxe7 Qxe7 8. Nb5 0-0 9. Nc7 Qd8 10. Nxa8 Nc6 11. c3 b6 12. Nf3 Bb7 13. Nxb6 axb6 14. Be2 cxd4 15. cxd4 f6 16. exf6 Nxf6 17. 0-0 Qc7 18. Rc1 Qd7 19. Ne5 Nxe5 20. dxe5 Ne4 21. Bf3 Nc5 22. b4 Ne4 23. Bxe4 Ba6 24. Bd3 Bxd3 25. Qxd3 Qe7 26. g3 Qxb4 27. Rb1 Qe7 28. Qd4 b5 29. Qb4 Qxb4 30. Rxb4 Rb8 31. Rfb1 Kf7 32. Rxb5 Rxb5 33. Rxb5 Kg6 34. a4 Kf5 35. f4 d4 36. a5 Ke4 37. a6 d3 38. a7 d2 39. Rb1 Ke3 40. a8Q 1-0

[Event "Eastern op 46th"]
[Site "Tysons"]
[Date "2019.12.30"]
[Round "7"]
[White "Yagiz, Bora"]
[Black "Dommalapati, Aasa"]
[Result "1/2-1/2"]
[WhiteElo "1904"]
[BlackElo "1818"]
[PlyCount "87"]
[EventDate "2019.12.27"]
[EventType "swiss"]
[EventRounds "7"]
[EventCountry "USA"]
[SourceTitle "CBM 194 Extra"]
[Source "ChessBase"]
[SourceDate "2020.03.31"]
[SourceVersion "1"]
[SourceVersionDate "2020.03.31"]
[SourceQuality "1"]

1. e4 c5 2. c4 Nc6 3. Nc3 g6 4. g3 Bg7 5. Bg2 e6 6. Nge2 Nge7 7. d3 0-0 8. 0-0 d6 9. Bg5 h6 10. Be3 Nd4 11. Qd2 Kh7 12. Rab1 Rb8 13. b4 b6 14. h3 Bb7 15. f4 Nxe2+ 16. Nxe2 cxb4 17. Qxb4 d5 18. cxd5 exd5 19. f5 dxe4 20. fxg6+ fxg6 21. dxe4 Nc6 22. Qb3 Nd4 23. Nxd4 Bxd4 24. Rxf8 Bxe3+ 25. Qxe3 Qxf8 26. Rf1 Qe7 27. Qf4 Rg8 28. e5 Bxg2 29. Kxg2 Re8 30. Qf7+ Qxf7 31. Rxf7+ Kg8 32. Rxa7 Rxe5 33. Kf3 Rc5 34. Rb7 Rb5 35. Ke4 Kf8 36. a4 Ra5 37. Rxb6 Rxa4+ 38. Ke5 Kf7 39. Rb7+ Kf8 40. Rb8+ Kf7 41. Rb7+ Kf8 42. Rb8+ Kf7 43. Rb7+ Kf8 44. Rb8+ 1/2-1/2

[Event "Eastern op 46th"]
[Site "Tysons"]
[Date "2019.12.29"]
[Round "4"]
[White "Siamon, David"]
[Black "Dommalapati, Aasa"]
[Result "1/2-1/2"]
[WhiteElo "1994"]
[BlackElo "1818"]
[PlyCount "84"]
[EventDate "2019.12.27"]
[EventType "swiss"]
[EventRounds "7"]
[EventCountry "USA"]
[SourceTitle "CBM 194 Extra"]
[Source "ChessBase"]
[SourceDate "2020.03.31"]
[SourceVersion "1"]
[SourceVersionDate "2020.03.31"]
[SourceQuality "1"]

1. e4 c5 2. Nf3 Nc6 3. Bb5 g6 4. 0-0 Bg7 5. Nc3 e5 6. d3 Nge7 7. Bg5 f6 8. Bh4 0-0 9. h3 Kh8 10. a4 d5 11. exd5 Nxd5 12. Nxd5 Qxd5 13. Bc4 Qd6 14. Re1 g5 15. Bg3 g4 16. Nd2 gxh3 17. gxh3 Bxh3 18. Ne4 Qe7 19. Qh5 Be6 20. Bxe6 Qxe6 21. Nxc5 Qf7 22. Qxf7 Rxf7 23. c3 b6 24. Nb3 Rd8 25. d4 exd4 26. Nxd4 Nxd4 27. cxd4 Rxd4 28. a5 bxa5 29. Rxa5 h6 30. Rea1 Rb4 31. Rxa7 Rxa7 32. Rxa7 Rxb2 33. Kg2 Kh7 34. Bd6 Kg6 35. Ra8 Rb7 36. Ra3 h5 37. Rg3+ Kf7 38. Kh3 Rb5 39. Ra3 Rg5 40. Bf4 Rg4 41. Be3 Kg6 42. Ra6 Rc4 1/2-1/2

[Event "Eastern op 46th"]
[Site "Tysons"]
[Date "2019.12.28"]
[Round "3"]
[White "Dommalapati, Aasa"]
[Black "De Fotis, Gary"]
[Result "1-0"]
[WhiteElo "1818"]
[BlackElo "1923"]
[PlyCount "75"]
[EventDate "2019.12.27"]
[EventType "swiss"]
[EventRounds "7"]
[EventCountry "USA"]
[SourceTitle "CBM 194 Extra"]
[Source "ChessBase"]
[SourceDate "2020.03.31"]
[SourceVersion "1"]
[SourceVersionDate "2020.03.31"]
[SourceQuality "1"]

1. e4 c5 2. Nf3 d6 3. Bb5+ Nd7 4. d4 cxd4 5. Qxd4 e5 6. Bxd7+ Bxd7 7. Qd3 h6 8. c4 Nf6 9. Nc3 Be7 10. 0-0 0-0 11. b3 Bc6 12. Rd1 Qc7 13. Ba3 Rfd8 14. Ne1 a6 15. Nc2 Rab8 16. Ne3 g6 17. Ned5 Bxd5 18. Nxd5 Nxd5 19. Qxd5 b5 20. cxb5 axb5 21. Bb4 Qb6 22. Rac1 Rbc8 23. g3 Ra8 24. Rc6 Qa7 25. Rd2 Rab8 26. Bxd6 Rd7 27. Bxb8 Rxd5 28. Rc8+ Kg7 29. exd5 Qa5 30. Bxe5+ f6 31. Bc3 b4 32. Bb2 Kf7 33. d6 Bd8 34. d7 h5 35. Bd4 h4 36. Rxd8 h3 37. Rf8+ Kxf8 38. d8Q+ 1-0

[Event "Pan American-ch U16 Girls"]
[Site "Guayaquil"]
[Date "2019.07.24"]
[Round "5"]
[White "Caicedo Loor, Keyra Isabel"]
[Black "Dommalapati, Aasa"]
[Result "1/2-1/2"]
[WhiteElo "1518"]
[BlackElo "1691"]
[PlyCount "104"]
[EventDate "2019.07.21"]
[EventType "swiss"]
[EventRounds "9"]
[EventCountry "ECU"]
[SourceTitle "EXT 2020"]
[Source "ChessBase"]
[SourceDate "2019.10.17"]
[SourceVersion "1"]
[SourceVersionDate "2019.10.17"]
[SourceQuality "1"]

1. e4 c5 2. Nc3 Nc6 3. g3 g6 4. Bg2 Bg7 5. d3 d6 6. Be3 e6 7. Qd2 Rb8 8. Nge2 Nd4 9. Nc1 b5 10. 0-0 b4 11. Nd1 a5 12. c3 Nb5 13. Ne2 Ne7 14. Bh6 0-0 15. Bxg7 Kxg7 16. Ne3 d5 17. exd5 exd5 18. d4 bxc3 19. bxc3 c4 20. Nf4 Be6 21. Rfe1 Rb6 22. Nxe6+ fxe6 23. Re2 Qd6 24. Rae1 Nc7 25. Ng4 Nf5 26. Ne5 Rfb8 27. Bh3 Rb1 28. Bxf5 exf5 29. Qg5 h6 30. Qe3 R8b2 31. Rxb1 Rxb1+ 32. Kg2 Rb6 33. h4 h5 34. Qg5 Qf6 35. Qe3 Qd6 36. Qg5 Qf6 37. Qxf6+ Rxf6 38. Kf3 Nb5 39. Rc2 Re6 40. Kf4 Nd6 41. f3 Re7 42. Rb2 Rb7 43. Rxb7+ Nxb7 44. Kg5 Nd6 45. a4 Nc8 46. Nd7 Kf7 47. Nc5 Kg7 48. Nb7 Kf7 49. Kf4 Ke6 50. Nc5+ Kf6 51. Nb7 Nb6 52. Nc5 Nc8 1/2-1/2

[Event "Pan American-ch U16 Girls"]
[Site "Guayaquil"]
[Date "2019.07.22"]
[Round "2"]
[White "Dommalapati, Aasa"]
[Black "Ayala Rosero, Ariana Marcela"]
[Result "1-0"]
[WhiteElo "1691"]
[BlackElo "1567"]
[PlyCount "99"]
[EventDate "2019.07.21"]
[EventType "swiss"]
[EventRounds "9"]
[EventCountry "ECU"]
[SourceTitle "EXT 2020"]
[Source "ChessBase"]
[SourceDate "2019.10.17"]
[SourceVersion "1"]
[SourceVersionDate "2019.10.17"]
[SourceQuality "1"]

1. e4 c5 2. Nf3 e6 3. g3 d6 4. Bg2 Nf6 5. d3 g6 6. 0-0 Bg7 7. c3 0-0 8. Re1 Nc6 9. d4 cxd4 10. cxd4 Qc7 11. Nc3 Re8 12. Nb5 Qd7 13. Bf4 e5 14. Bg5 exd4 15. Nfxd4 Ng4 16. Bh3 h6 17. Bxg4 Qxg4 18. Nxc6 Qxg5 19. Nc7 Bg4 20. f3 Qc5+ 21. Kg2 bxc6 22. Nxe8 Rxe8 23. fxg4 Rb8 24. Re2 Rxb2 25. Rxb2 Bxb2 26. Rb1 Be5 27. Qe2 Kg7 28. Rb7 a5 29. Kh3 Bf6 30. Qf3 Qc4 31. a3 a4 32. Rd7 Qb3 33. Qxb3 axb3 34. Rb7 b2 35. Kg2 c5 36. Kf3 Bd4 37. Ke2 c4 38. a4 c3 39. Kd3 Kf6 40. a5 Ke5 41. a6 f5 42. gxf5 gxf5 43. exf5 Kxf5 44. Kc2 d5 45. Rb4 Bc5 46. Rb5 Ke4 47. Rxc5 d4 48. Rc4 Ke3 49. Rxd4 Kxd4 50. a7 1-0

[Event "Pan American-ch U14 Girls"]
[Site "Santiago de Chile"]
[Date "2018.07.22"]
[Round "1"]
[White "Dommalapati, Aasa"]
[Black "Contreras Suazo, Rocio Antonella"]
[Result "1-0"]
[WhiteElo "1706"]
[BlackElo "1475"]
[PlyCount "60"]
[EventDate "2018.07.22"]
[EventType "swiss"]
[EventRounds "9"]
[EventCountry "CHI"]
[SourceTitle "EXT 2022"]
[Source "ChessBase"]
[SourceDate "2021.10.06"]
[SourceVersion "1"]
[SourceVersionDate "2021.10.06"]
[SourceQuality "1"]

1. e4 c5 2. Nf3 Nc6 3. Bb5 a6 4. Bxc6 bxc6 5. d4 cxd4 6. Qxd4 d5 7. Nc3 e6 8. exd5 cxd5 9. 0-0 Nf6 10. Re1 Be7 11. Ne5 Qc7 12. Bf4 Qc5 13. Qa4+ Nd7 14. Rad1 f6 15. Nd3 Qb6 16. Be3 Qb7 17. Bc5 Kf7 18. Bxe7 Kxe7 19. Nf4 Nb6 20. Ncxd5+ Nxd5 21. Nxd5+ Kf7 22. Nf4 Qxb2 23. Qc6 Ra7 24. Nxe6 Qxa2 25. Nd8+ Kg6 26. Qxc8 Qa5 27. Re3 h6 28. Qg4+ Kh7 29. Nc6 f5 30. Qd4 Qc7 1-0

[Event "Pan American-ch U14 Girls"]
[Site "San Jose"]
[Date "2017.07.01"]
[Round "1"]
[White "Dommalapati, Aasa"]
[Black "Brenes Benavides, Delianny"]
[Result "1-0"]
[WhiteElo "1633"]
[BlackElo "1381"]
[PlyCount "120"]
[EventDate "2017.07.01"]
[EventType "swiss"]
[EventRounds "9"]
[EventCountry "CRI"]
[SourceTitle "EXT 2022"]
[Source "ChessBase"]
[SourceDate "2021.10.06"]
[SourceVersion "1"]
[SourceVersionDate "2021.10.06"]
[SourceQuality "1"]

1. e4 e5 2. Nf3 Nc6 3. d4 exd4 4. Nxd4 Nf6 5. Nxc6 bxc6 6. e5 Qe7 7. Qe2 Nd5 8. c4 Ba6 9. b3 Nb6 10. Bb2 g6 11. e6 f6 12. exd7+ Nxd7 13. Nd2 0-0-0 14. 0-0-0 Nc5 15. Qf3 Bg7 16. Be2 Bb7 17. Rhe1 Ne6 18. Qe3 Rhe8 19. Qxa7 c5 20. Bf3 Bxf3 21. gxf3 c6 22. Qa8+ Kc7 23. Qa7+ Kc8 24. Qxe7 Rxe7 25. Ne4 Bh6+ 26. Kc2 Rxd1 27. Rxd1 f5 28. Nd6+ Kc7 29. Be5 Nd4+ 30. Bxd4 cxd4 31. Rxd4 Re2+ 32. Kd1 Rxf2 33. Ne8+ Kb6 34. a4 Rxf3 35. b4 Re3 36. a5+ Kb7 37. Rd7+ Kc8 38. Rxh7 Rd3+ 39. Kc2 Rd2+ 40. Kc3 Rxh2 41. Nd6+ Kd8 42. Rxh6 Rxh6 43. Nf7+ Kc7 44. Nxh6 Kb7 45. b5 cxb5 46. cxb5 Kc7 47. Kd4 Kb7 48. Ke5 Kc7 49. Kf6 f4 50. Ng4 Kd6 51. Kxg6 Kc5 52. b6 Kc6 53. Kf5 f3 54. Kf4 Kb7 55. Kxf3 Ka6 56. Ke4 Kb7 57. Kd5 Kb8 58. a6 Ka8 59. Nf6 Kb8 60. Ne8 Ka8 1-0

[Event "Windsor NAYCC U12 Girls"]
[Site "Windsor"]
[Date "2016.08.11"]
[Round "6.112"]
[White "Dommalapati, Aasa"]
[Black "Ehsani, Yassamin L"]
[Result "1/2-1/2"]
[WhiteElo "1583"]
[BlackElo "1429"]
[PlyCount "109"]
[EventDate "2016.08.07"]
[EventType "swiss"]
[EventRounds "9"]
[EventCountry "CAN"]
[SourceTitle "EXT 2022"]
[Source "ChessBase"]
[SourceDate "2021.10.06"]
[SourceVersion "1"]
[SourceVersionDate "2021.10.06"]
[SourceQuality "1"]

1. e4 c5 2. Nf3 d6 3. Bb5+ Bd7 4. Bxd7+ Nxd7 5. 0-0 Ngf6 6. Re1 e5 7. c3 Be7 8. d4 Qc7 9. Nbd2 0-0 10. d5 c4 11. Qc2 Rfc8 12. Nh4 g6 13. Ndf3 Bf8 14. Bg5 Bg7 15. h3 Nc5 16. Nh2 Nd3 17. Re2 Nh5 18. g3 Nf6 19. Qd2 Qd7 20. Kg2 Nc5 21. Rae1 Nd3 22. Rf1 Nc5 23. Rfe1 Nd3 24. Rf1 Nc5 25. f3 Rf8 26. Bh6 Rae8 27. Qg5 Bxh6 28. Qxh6 Kh8 29. Nf5 Rg8 30. Ne3 b5 31. Nhg4 Qe7 32. Nxf6 Qxf6 33. Ng4 Qe7 34. h4 Nd7 35. h5 Nf6 36. Nxf6 Qxf6 37. Rh1 Rg7 38. Rh3 Qe7 39. Re1 g5 40. Kf2 Rf8 41. f4 f6 42. Ke3 Rb8 43. Rf1 Rf8 44. fxg5 Rxg5 45. Rf5 Qg7 46. Qxg7+ Kxg7 47. Kf3 h6 48. g4 Rb8 49. a3 a5 50. Kg3 Rf8 51. Rh1 Rxf5 52. gxf5 Kf7 53. Rb1 Rg8+ 54. Kf3 a4 55. Rh1 1/2-1/2

[Event "Windsor NAYCC U12 Girls"]
[Site "Windsor"]
[Date "2016.08.10"]
[Round "7.122"]
[White "Dommalapati, Aasa"]
[Black "He, Emma"]
[Result "1-0"]
[WhiteElo "1583"]
[BlackElo "1446"]
[PlyCount "89"]
[EventDate "2016.08.07"]
[EventType "swiss"]
[EventRounds "9"]
[EventCountry "CAN"]
[SourceTitle "EXT 2022"]
[Source "ChessBase"]
[SourceDate "2021.10.06"]
[SourceVersion "1"]
[SourceVersionDate "2021.10.06"]
[SourceQuality "1"]

1. e4 e5 2. Nf3 Nc6 3. d4 exd4 4. Nxd4 Bc5 5. Nb3 Bb6 6. Nc3 Nf6 7. Bg5 h6 8. Bh4 d6 9. Qe2 Be6 10. 0-0-0 g5 11. Bg3 Bxb3 12. axb3 Qe7 13. Kb1 0-0-0 14. f3 Ne5 15. Bf2 Bxf2 16. Qxf2 Kb8 17. Be2 c6 18. Rd2 Nfd7 19. Nd1 Nb6 20. Ne3 d5 21. exd5 Nxd5 22. Nxd5 cxd5 23. Rhd1 Qe6 24. Bc4 Nxc4 25. bxc4 Qe5 26. g3 Qf6 27. cxd5 Rd6 28. Qd4 Qxd4 29. Rxd4 Re8 30. Re4 Rf8 31. c4 b6 32. Rde1 Rfd8 33. Re8 b5 34. Rxd8+ Rxd8 35. b3 Rd7 36. Kc2 Kc7 37. Kc3 a5 38. Kd4 Kb7 39. c5 Kc7 40. Ra1 f5 41. Rxa5 h5 42. Ra7+ Kd8 43. Rxd7+ Kxd7 44. Ke5 b4 45. Kxf5 1-0

[Event "Pan American-ch U12 Girls 27th"]
[Site "Montevideo"]
[Date "2016.07.30"]
[Round "8"]
[White "Miyasaka, Julia K"]
[Black "Dommalapati, Aasa"]
[Result "1/2-1/2"]
[WhiteElo "1466"]
[BlackElo "1583"]
[PlyCount "110"]
[EventDate "2016.07.25"]
[EventType "swiss"]
[EventRounds "9"]
[EventCountry "URU"]
[SourceTitle "EXT 2017"]
[Source "ChessBase"]
[SourceDate "2016.10.25"]
[SourceVersion "1"]
[SourceVersionDate "2016.10.25"]
[SourceQuality "1"]

1. e4 c5 2. Nf3 Nc6 3. d4 cxd4 4. Nxd4 Nf6 5. Nc3 e5 6. Ndb5 d6 7. Bg5 a6 8. Na3 b5 9. Nd5 Be7 10. Bxf6 Bxf6 11. c3 0-0 12. Nc2 Bg5 13. a4 Rb8 14. axb5 axb5 15. Be2 Ne7 16. Ncb4 Bb7 17. 0-0 Bxd5 18. Nxd5 Nxd5 19. Qxd5 b4 20. c4 Qb6 21. Rfd1 Rfd8 22. Bh5 g6 23. Be2 Kg7 24. Rd3 Rbc8 25. Rf3 Bf6 26. Ra5 Rc5 27. Rb5 Rxd5 28. Rxb6 Rd2 29. Bf1 Rxb2 30. c5 Rd2 31. Rxd6 b3 32. Rxd8 Bxd8 33. g3 b2 34. Rb3 Be7 35. c6 Ba3 36. Kg2 Rd4 37. Bd3 Rd6 38. Bc2 Rd2 39. Rxa3 Rxc2 40. Rb3 f5 41. exf5 gxf5 42. c7 e4 43. c8Q Rxc8 44. Rxb2 Rc6 45. Kf1 Kg6 46. Ke2 Kg5 47. Kd2 Kg4 48. Rb5 Rf6 49. Ke3 Rh6 50. h4 Ra6 51. Rb7 Ra3+ 52. Ke2 Ra2+ 53. Ke3 Ra3+ 54. Ke2 Ra2+ 55. Ke3 Ra3+ 1/2-1/2

[Event "Pan American-ch U12 Girls 27th"]
[Site "Montevideo"]
[Date "2016.07.27"]
[Round "4"]
[White "Dommalapati, Aasa"]
[Black "Gomez Vasquez, Laura Sofia"]
[Result "1-0"]
[WhiteElo "1583"]
[BlackElo "1633"]
[PlyCount "73"]
[EventDate "2016.07.25"]
[EventType "swiss"]
[EventRounds "9"]
[EventCountry "URU"]
[SourceTitle "EXT 2017"]
[Source "ChessBase"]
[SourceDate "2016.10.25"]
[SourceVersion "1"]
[SourceVersionDate "2016.10.25"]
[SourceQuality "1"]

1. e4 c5 2. Nf3 Nc6 3. Bb5 g6 4. Bxc6 bxc6 5. d4 cxd4 6. Qxd4 Nf6 7. e5 Nd5 8. c4 Nc7 9. 0-0 Bg7 10. Qh4 Ne6 11. Nc3 0-0 12. Ne4 f6 13. exf6 exf6 14. Nd6 f5 15. Qxd8 Rxd8 16. Ng5 Nxg5 17. Bxg5 Rf8 18. Be7 Bxb2 19. Rab1 Be5 20. Bxf8 Kxf8 21. Nxc8 Rxc8 22. Rb7 Rc7 23. Rfb1 Ke7 24. a4 Rxb7 25. Rxb7 Bd4 26. Kf1 Kd6 27. Ke2 a5 28. f3 Kc5 29. Rxd7 Kxc4 30. Rxh7 Kb4 31. Rh6 c5 32. Kd3 Kxa4 33. Rxg6 Kb3 34. Rb6+ Ka3 35. Kc4 a4 36. Ra6 Be3 37. Kb5 1-0

[Event "Washington op"]
[Site "Washington DC "]
[Date "2015.10.12"]
[Round "9"]
[White "Dommalapati, Aasa"]
[Black "De Fotis, Gary"]
[Result "1/2-1/2"]
[WhiteElo "1646"]
[BlackElo "1998"]
[PlyCount "106"]
[EventDate "2015.10.07"]
[EventType "swiss"]
[EventRounds "9"]
[EventCountry "USA"]
[SourceTitle "CBM 168 Extra"]
[Source "ChessBase"]
[SourceDate "2015.10.29"]
[SourceVersion "1"]
[SourceVersionDate "2015.10.29"]
[SourceQuality "1"]

1. e4 c5 2. Nf3 d6 3. Bb5+ Nd7 4. 0-0 Ngf6 5. Re1 a6 6. Bd3 g6 7. c3 Bg7 8. Bc2 0-0 9. d4 Qc7 10. Nbd2 Rb8 11. b3 b5 12. Bb2 Bb7 13. Nf1 b4 14. cxb4 cxb4 15. Rc1 Qb6 16. Ng3 a5 17. Nd2 Ba6 18. Kh1 Rbc8 19. f4 h5 20. Nf3 Bh6 21. Ng5 h4 22. Nf1 Bxf1 23. Rxf1 Rc7 24. Qe1 Rfc8 25. Qxh4 Bxg5 26. fxg5 Rxc2 27. gxf6 Rxc1 28. Bxc1 Nxf6 29. e5 Nd5 30. Qg4 Qc7 31. h4 dxe5 32. dxe5 e6 33. Qg5 Qe7 34. Qg4 Kh7 35. h5 Rg8 36. Bg5 f6 37. Bxf6 Qf7 38. hxg6+ Rxg6 39. Qh4+ Rh6 40. Qxh6+ Kxh6 41. Bg5+ Kg6 42. Rxf7 Kxf7 43. Bd8 Nc3 44. Bxa5 Nxa2 45. Kh2 Kg6 46. g4 Nc1 47. Bxb4 Nxb3 48. Kg3 Nd4 49. Bc5 Nb5 50. Be7 Nc3 51. Bf6 Ne4+ 52. Kf4 Nxf6 53. exf6 Kxf6 1/2-1/2

[Event "Washington op"]
[Site "Washington DC "]
[Date "2015.10.07"]
[Round "1"]
[White "Sena, Juan Oscar"]
[Black "Dommalapati, Aasa"]
[Result "1-0"]
[WhiteElo "2101"]
[BlackElo "1646"]
[PlyCount "45"]
[EventDate "2015.10.07"]
[EventType "swiss"]
[EventRounds "9"]
[EventCountry "USA"]
[SourceTitle "CBM 168 Extra"]
[Source "ChessBase"]
[SourceDate "2015.10.29"]
[SourceVersion "1"]
[SourceVersionDate "2015.10.29"]
[SourceQuality "1"]

1. e4 c5 2. Nf3 Nc6 3. Bb5 g6 4. Bxc6 dxc6 5. h3 Bg7 6. d3 Nf6 7. 0-0 0-0 8. Nc3 Nd7 9. Be3 e5 10. Qd2 b6 11. Nh2 Nf6 12. f4 exf4 13. Bxf4 Nh5 14. Be3 Be6 15. Nf3 Ng3 16. Rf2 f5 17. e5 Qc7 18. Bh6 Rfe8 19. Bxg7 Qxg7 20. Qg5 Nh5 21. g4 fxg4 22. hxg4 Bxg4 23. Qxg4 1-0

[Event "Pan American-ch U12 Girls"]
[Site "Cali"]
[Date "2015.07.02"]
[Round "7"]
[White "Dommalapati, Aasa"]
[Black "Felix, Luiza de Oliveira"]
[Result "1-0"]
[WhiteElo "1578"]
[BlackElo "1550"]
[PlyCount "35"]
[EventDate "2015.06.28"]
[EventType "swiss"]
[EventRounds "9"]
[EventCountry "COL"]
[SourceTitle "EXT 2016"]
[Source "ChessBase"]
[SourceDate "2015.10.08"]
[SourceVersion "1"]
[SourceVersionDate "2015.10.08"]
[SourceQuality "1"]

1. e4 e6 2. d4 c5 3. d5 exd5 4. exd5 Nf6 5. Nc3 d6 6. Nf3 Be7 7. g3 Bf5 8. Bg2 0-0 9. Ne2 Nbd7 10. 0-0 Nb6 11. Nh4 Be4 12. Bxe4 Nxe4 13. Nf5 Re8 14. Nf4 Bf6 15. f3 Nc4 16. fxe4 g6 17. Nh6+ Kg7 18. c3 1-0

[Event "Pan American-ch U12 Girls"]
[Site "Cali"]
[Date "2015.07.02"]
[Round "8"]
[White "Gomez Vasquez, Laura Sofia"]
[Black "Dommalapati, Aasa"]
[Result "1/2-1/2"]
[WhiteElo "1623"]
[BlackElo "1578"]
[PlyCount "53"]
[EventDate "2015.06.28"]
[EventType "swiss"]
[EventRounds "9"]
[EventCountry "COL"]
[SourceTitle "EXT 2016"]
[Source "ChessBase"]
[SourceDate "2015.10.08"]
[SourceVersion "1"]
[SourceVersionDate "2015.10.08"]
[SourceQuality "1"]

1. e4 c5 2. Nf3 Nc6 3. d4 cxd4 4. Nxd4 Nf6 5. Nc3 e6 6. Ndb5 d6 7. Bf4 e5 8. Bg5 Be7 9. Bxf6 gxf6 10. Nd5 f5 11. c4 0-0 12. Qf3 fxe4 13. Qg3+ Kh8 14. Ne3 Bd7 15. Ng4 Re8 16. Nh6 Bf8 17. Qe3 Qa5+ 18. Nc3 Rac8 19. Qg5 d5 20. cxd5 Bb4 21. Ng4 Rf8 22. Qf6+ Kg8 23. Qg5+ Kh8 24. Qf6+ Kg8 25. Qg5+ Kh8 26. Qf6+ Kg8 27. Qg5+ 1/2-1/2

[Event "Pan American-ch U12 Girls"]
[Site "Cali"]
[Date "2015.06.29"]
[Round "3"]
[White "Dommalapati, Aasa"]
[Black "Sucari Quispe, Narayana"]
[Result "1/2-1/2"]
[WhiteElo "1578"]
[BlackElo "1306"]
[PlyCount "65"]
[EventDate "2015.06.28"]
[EventType "swiss"]
[EventRounds "9"]
[EventCountry "COL"]
[SourceTitle "EXT 2016"]
[Source "ChessBase"]
[SourceDate "2015.10.08"]
[SourceVersion "1"]
[SourceVersionDate "2015.10.08"]
[SourceQuality "1"]

1. e4 e6 2. d4 d5 3. Nc3 dxe4 4. Nxe4 Nd7 5. Nf3 Ngf6 6. Nxf6+ Nxf6 7. c3 Be7 8. Bd3 0-0 9. 0-0 b6 10. Ne5 Bb7 11. Qe2 c5 12. dxc5 Bxc5 13. Rd1 Qc7 14. Bf4 Bd6 15. Bg3 Rfd8 16. Bc2 Nd7 17. Nxd7 Bxg3 18. Nf6+ gxf6 19. Qg4+ Kf8 20. hxg3 Qc6 21. f3 Qc5+ 22. Kh1 f5 23. Qh4 Rxd1+ 24. Rxd1 Qf2 25. Qh6+ Ke7 26. Qg5+ Kf8 27. Bb3 Bc6 28. Bxe6 Bxf3 29. Rd8+ Rxd8 30. Qxd8+ Kg7 31. Qg5+ Kf8 32. Qd8+ Kg7 33. Qg5+ 1/2-1/2

[Event "Wch U10 Girls"]
[Site "Durban"]
[Date "2014.09.29"]
[Round "11"]
[White "Dommalapati, Aasa"]
[Black "Ananya, Rishi Gupta"]
[Result "0-1"]
[WhiteElo "1598"]
[BlackElo "1395"]
[PlyCount "122"]
[EventDate "2014.09.20"]
[EventType "swiss"]
[EventRounds "11"]
[EventCountry "RSA"]
[SourceTitle "CBM 162 Extra"]
[Source "ChessBase"]
[SourceDate "2014.10.17"]
[SourceVersion "1"]
[SourceVersionDate "2014.10.17"]
[SourceQuality "1"]

1. e4 e5 2. Nf3 Nc6 3. d4 exd4 4. Nxd4 Bc5 5. Nb3 Bb6 6. Nc3 h6 7. Qe2 d6 8. Bf4 Be6 9. Nd5 Nge7 10. 0-0-0 Qd7 11. Kb1 0-0-0 12. Nxb6+ axb6 13. Qe3 Bxb3 14. Qxb3 Qg4 15. Qf3 Qxf3 16. gxf3 g5 17. Bg3 Ng6 18. Be2 Nce5 19. h4 Nf4 20. Bxf4 gxf4 21. Rdg1 Rdg8 22. h5 Kd8 23. Kc1 Rg5 24. Rxg5 hxg5 25. Kd2 Rh6 26. Kc3 Nd7 27. Kd4 Ke7 28. Bc4 Nf6 29. Bb3 Rxh5 30. Rxh5 Nxh5 31. e5 dxe5+ 32. Kxe5 Ng7 33. a4 f6+ 34. Ke4 Kd6 35. Bf7 f5+ 36. Kd4 Ne6+ 37. Bxe6 Kxe6 38. b4 Kd6 39. c4 c5+ 40. bxc5+ bxc5+ 41. Kd3 b6 42. Kc3 Ke5 43. Kd3 g4 44. fxg4 fxg4 45. Ke2 Kd4 46. f3 g3 47. Kf1 Kxc4 48. Kg2 Kd3 49. a5 bxa5 50. Kf1 c4 51. Kg2 c3 52. Kf1 c2 53. Kg2 c1Q 54. Kh3 Qh1+ 55. Kg4 g2 56. Kxf4 g1R 57. Ke5 Qh4 58. Kf5 Rg5+ 59. Kf6 Qh6+ 60. Kf7 Rg7+ 61. Kf8 Qh8# 0-1